[Event "Lovsprings op 12th B"]
[Site "Ringsted"]
[Date "2001.04.20"]
[Round "6"]
[White "Henriksen, Kasper"]
[Black "Holst, John"]
[Result "1-0"]
[WhiteElo "1818"]
[BlackElo "1711"]
[PlyCount "43"]
[EventDate "2001.03.02"]
[EventType "swiss"]
[EventRounds "7"]
[EventCountry "DEN"]
[SourceTitle "EXT 2023"]
[Source "ChessBase"]
[SourceDate "2022.10.05"]
[SourceVersion "1"]
[SourceVersionDate "2022.10.05"]
[SourceQuality "1"]

1. Nf3 e6 2. d4 b6 3. c4 Bb7 4. Nbd2 a5 5. g3 a4 6. Bg2 Bb4 7. 0-0 Nf6 8. Qc2 0-0 9. e4 d5 10. cxd5 exd5 11. e5 Ne4 12. a3 Ba5 13. Rd1 Nd7 14. Nxe4 dxe4 15. Ng5 Bd5 16. Bxe4 Bxe4 17. Qxe4 f5 18. Qd5+ Kh8 19. Nf7+ Rxf7 20. Qxf7 Nxe5 21. Qxf5 Qd5 22. Qxe5 1-0

[Event "Lovsprings op 11th B"]
[Site "Ringsted"]
[Date "2000.04.28"]
[Round "5"]
[White "Henriksen, Kasper"]
[Black "Madsen, Morten"]
[Result "1-0"]
[WhiteElo "1756"]
[BlackElo "1866"]
[PlyCount "71"]
[EventDate "2000.03.24"]
[EventType "swiss"]
[EventRounds "7"]
[EventCountry "DEN"]
[SourceTitle "EXT 2023"]
[Source "ChessBase"]
[SourceDate "2022.10.05"]
[SourceVersion "1"]
[SourceVersionDate "2022.10.05"]
[SourceQuality "1"]

1. e4 b6 2. d4 Bb7 3. Bd3 e6 4. c4 Nf6 5. Qc2 Nc6 6. d5 Nb4 7. Qe2 Nxd3+ 8. Qxd3 exd5 9. cxd5 Bb4+ 10. Bd2 Qe7 11. Bxb4 Qxb4+ 12. Nc3 Qxb2 13. Rd1 0-0 14. Nge2 Qa3 15. e5 Ne8 16. 0-0 Ba6 17. Qe4 Bxe2 18. Nxe2 Qe7 19. Ng3 d6 20. f4 g6 21. Qd4 dxe5 22. fxe5 Rd8 23. Ne4 c5 24. Qc3 Qh4 25. Qf3 Qh6 26. Qg3 Qg7 27. Qg5 Nc7 28. Qe7 Nb5 29. d6 Nd4 30. d7 Ne6 31. Rf6 h6 32. Nd6 g5 33. Nxf7 Rxf7 34. Qxe6 Kf8 35. Rxf7+ Qxf7 36. Rf1 1-0

[Event "Lovsprings op 11th B"]
[Site "Ringsted"]
[Date "2000.04.14"]
[Round "4"]
[White "Larsen, Soren Michael"]
[Black "Henriksen, Kasper"]
[Result "0-1"]
[WhiteElo "1794"]
[BlackElo "1756"]
[PlyCount "64"]
[EventDate "2000.03.24"]
[EventType "swiss"]
[EventRounds "7"]
[EventCountry "DEN"]
[SourceTitle "EXT 2023"]
[Source "ChessBase"]
[SourceDate "2022.10.05"]
[SourceVersion "1"]
[SourceVersionDate "2022.10.05"]
[SourceQuality "1"]

1. Nc3 g6 2. g3 Bg7 3. Bg2 c5 4. e4 Nc6 5. Nge2 e6 6. 0-0 Nge7 7. d3 d6 8. Bg5 a6 9. Qd2 Qc7 10. Nd1 b5 11. c3 Bb7 12. Rc1 Qa5 13. b4 Qb6 14. Be3 Rd8 15. d4 cxd4 16. cxd4 d5 17. e5 Nf5 18. g4 Nxe3 19. fxe3 Bf8 20. a3 a5 21. Rc5 axb4 22. axb4 Bxc5 23. bxc5 Qa5 24. Nec3 b4 25. Qf2 Rf8 26. Nxd5 exd5 27. Qf6 Qc7 28. e6 Qe7 29. Qg7 Qxe6 30. Rf6 Qxg4 31. Rxf7 Qxd1+ 32. Bf1 Rxf7 0-1

[Event "Lovsprings op 10th B"]
[Site "Ringsted"]
[Date "1998.05.29"]
[Round "7"]
[White "Jensen, Dennis"]
[Black "Henriksen, Kasper"]
[Result "1-0"]
[WhiteElo "1648"]
[BlackElo "1737"]
[PlyCount "81"]
[EventDate "1998.03.13"]
[EventType "swiss"]
[EventRounds "7"]
[EventCountry "DEN"]
[SourceTitle "EXT 2023"]
[Source "ChessBase"]
[SourceDate "2022.10.05"]
[SourceVersion "1"]
[SourceVersionDate "2022.10.05"]
[SourceQuality "1"]

1. d4 Nf6 2. c4 g6 3. Nc3 Bg7 4. Nf3 d6 5. e4 0-0 6. Be2 e5 7. dxe5 dxe5 8. Bg5 Nbd7 9. Qc2 c6 10. 0-0-0 Qc7 11. Nd2 Nc5 12. Be3 Ne6 13. Nb3 a5 14. a4 Bd7 15. c5 Rfd8 16. g3 Ne8 17. Bc4 Kh8 18. Rhf1 Nf6 19. Be2 h5 20. f3 Kh7 21. Kb1 Be8 22. Bc4 Rxd1+ 23. Rxd1 Bd7 24. Qc1 Rd8 25. Be2 Bf8 26. Bc4 Ra8 27. Be2 Rd8 28. Rf1 Bc8 29. Rd1 Bd7 30. h3 Ra8 31. Rf1 Re8 32. Rd1 Bc8 33. Bc4 Nd7 34. Bxe6 Rxe6 35. g4 Nf6 36. g5 Nd7 37. f4 exf4 38. Bxf4 Ne5 39. Qd2 Bg7 40. Qd8 Qxd8 41. Rxd8 1-0

[Event "Lovsprings op 10th B"]
[Site "Ringsted"]
[Date "1998.03.20"]
[Round "2"]
[White "Christensen, Henrik"]
[Black "Henriksen, Kasper"]
[Result "1/2-1/2"]
[WhiteElo "1805"]
[BlackElo "1737"]
[PlyCount "140"]
[EventDate "1998.03.13"]
[EventType "swiss"]
[EventRounds "7"]
[EventCountry "DEN"]
[SourceTitle "EXT 2023"]
[Source "ChessBase"]
[SourceDate "2022.10.05"]
[SourceVersion "1"]
[SourceVersionDate "2022.10.05"]
[SourceQuality "1"]

1. b3 d5 2. Bb2 c5 3. e3 e6 4. Nf3 Nf6 5. Be2 Bd6 6. c4 Nc6 7. d4 cxd4 8. exd4 0-0 9. 0-0 b6 10. Nc3 dxc4 11. bxc4 Bb7 12. Nb5 Rc8 13. Nxd6 Qxd6 14. Qa4 Rfd8 15. Rad1 Na5 16. Ne5 Bc6 17. Nxc6 Qxc6 18. Qxc6 Rxc6 19. d5 exd5 20. Bxf6 Rxf6 21. cxd5 Rfd6 22. Bf3 Nc4 23. g3 Ne5 24. Bg2 b5 25. Rfe1 Nc6 26. a3 Kf8 27. Re2 Ne7 28. Rc2 a5 29. Rc5 Rb8 30. Re1 b4 31. Rxa5 b3 32. Rb1 b2 33. a4 Rdb6 34. Rc5 Rb4 35. d6 Ng6 36. d7 Ke7 37. Bh3 Rxa4 38. Rc2 Ra1 39. Re2+ Kd6 40. Ree1 Rxb1 41. Rxb1 Kc7 42. Kf1 Ne5 43. Ke2 Nc4 44. Bf5 Na3 45. Rd1 g6 46. Be4 Rd8 47. Rd3 b1Q 48. Rc3+ Kxd7 49. Bxb1 Nxb1 50. Rb3 Re8+ 51. Kd1 Ke7 52. Rxb1 Kf6 53. Rb2 h5 54. Re2 Rxe2 55. Kxe2 Kg5 56. f3 h4 57. Ke3 f5 58. Kd4 hxg3 59. hxg3 f4 60. g4 Kh4 61. Ke4 g5 62. Kf5 Kg3 63. Kxg5 Kxf3 64. Kh5 Ke4 65. g5 f3 66. g6 f2 67. g7 f1R 68. g8Q Rh1+ 69. Kg6 Rg1+ 70. Kf7 Rxg8 1/2-1/2

[Event "Lovsprings op 10th B"]
[Site "Ringsted"]
[Date "1998.03.13"]
[Round "1"]
[White "Larsen, Soren Michael"]
[Black "Henriksen, Kasper"]
[Result "0-1"]
[WhiteElo "1866"]
[BlackElo "1737"]
[PlyCount "72"]
[EventDate "1998.03.13"]
[EventType "swiss"]
[EventRounds "7"]
[EventCountry "DEN"]
[SourceTitle "EXT 2023"]
[Source "ChessBase"]
[SourceDate "2022.10.05"]
[SourceVersion "1"]
[SourceVersionDate "2022.10.05"]
[SourceQuality "1"]

1. e4 c5 2. Nf3 d6 3. d4 cxd4 4. Nxd4 Nf6 5. Nc3 a6 6. Bd3 e5 7. Nf3 Nbd7 8. Bg5 Be7 9. 0-0 0-0 10. Re1 b5 11. Bxf6 Nxf6 12. Nd5 Nxd5 13. exd5 f5 14. Bf1 Bb7 15. c4 bxc4 16. Bxc4 Rc8 17. b3 Rc5 18. Nxe5 dxe5 19. d6+ Kh8 20. dxe7 Qxe7 21. Qe2 a5 22. Rad1 Qg5 23. f3 e4 24. fxe4 Bxe4 25. Qf2 Rcc8 26. Bd5 Rfd8 27. Bxe4 Rxd1 28. Rxd1 fxe4 29. Re1 Re8 30. Qe3 Qe5 31. Rd1 h6 32. Rd4 Qc5 33. Kf2 Rf8+ 34. Ke1 Qc2 35. Qe2 Qc3+ 36. Rd2 e3 0-1

[Event "Lovsprings op 09th C"]
[Site "Ringsted"]
[Date "1997.04.18"]
[Round "5"]
[White "Henriksen, Kasper"]
[Black "Hansen, Henning"]
[Result "0-1"]
[WhiteElo "1580"]
[BlackElo "1590"]
[PlyCount "86"]
[EventDate "1997.03.14"]
[EventType "swiss"]
[EventRounds "7"]
[EventCountry "DEN"]
[SourceTitle "EXT 2023"]
[Source "ChessBase"]
[SourceDate "2022.10.05"]
[SourceVersion "1"]
[SourceVersionDate "2022.10.05"]
[SourceQuality "1"]

1. e4 c5 2. Nf3 d6 3. d4 cxd4 4. Nxd4 Nf6 5. Nc3 e6 6. Bg5 Be7 7. f4 a6 8. Qf3 h6 9. Bh4 Qc7 10. Bf2 Nc6 11. Bd3 0-0 12. 0-0 Nxd4 13. Bxd4 e5 14. Be3 Be6 15. f5 Bc4 16. Rad1 b5 17. a3 Rac8 18. Rf2 Qb7 19. b3 Bxd3 20. Rxd3 Rc7 21. Nd5 Nxd5 22. Rxd5 Rfc8 23. Qg4 Kh7 24. f6 Bf8 25. Rf3 Rxc2 26. fxg7 Bxg7 27. Rg3 f6 28. Qg6+ Kh8 29. Bxh6 Qa7+ 30. Be3 Rc1+ 31. Kf2 R8c2+ 32. Kf3 Rf1+ 33. Kg4 Qd7+ 34. Kh4 Qe7 35. Bh6 Rf4+ 36. Bxf4 exf4 37. Rh5+ Kg8 38. Rg4 f5+ 39. Rgg5 Rxg2 40. exf5 Rxh2+ 41. Kg4 Qe2+ 42. Kxf4 Rf2+ 43. Kg3 Qf3+ 0-1